000 00337nam a2200133Ia 4500
008 231129s1971||||xx |||||||||||||| ||spa||
040 _bspa
082 _a780.9861 R436L
100 _aRestrepo Duque Hernan
245 0 _aLo que cuentan las canciones : Cronicon musical
260 _c1971
264 _aTercer Mundo
942 _2ddc
_cBKS
999 _c19389
_d19389